[Event "GBR-ch U1750 op 104th"]
[Site "Llandudno"]
[Date "2017.08.02"]
[Round "3"]
[White "Ashworth, Steven M"]
[Black "Jarah, Edward W"]
[Result "1/2-1/2"]
[WhiteElo "1355"]
[BlackElo "1600"]
[PlyCount "30"]
[EventDate "2017.07.31"]
[EventType "swiss"]
[EventRounds "5"]
[EventCountry "WLS"]
[SourceTitle "EXT 2019"]
[Source "ChessBase"]
[SourceDate "2018.10.10"]
[SourceVersion "1"]
[SourceVersionDate "2018.10.10"]
[SourceQuality "1"]

1. g4 Nc6 2. d3 e5 3. Bg2 d5 4. g5 Be6 5. f4 exf4 6. Bxf4 Bd6 7. Qd2 Nge7 8. Nc3 Qd7 9. Bxd6 Qxd6 10. 0-0-0 a6 11. e3 h6 12. h4 hxg5 13. hxg5 0-0-0 14. Bh3 Ng6 15. Bxe6+ Qxe6 1/2-1/2

[Event "BCF-chT4S 1617 (4NCL)"]
[Site "England"]
[Date "2017.04.30"]
[Round "10.66"]
[White "Ashworth, Steven M"]
[Black "Breed, Greg"]
[Result "0-1"]
[WhiteElo "1532"]
[BlackElo "1757"]
[PlyCount "66"]
[EventDate "2016.11.26"]
[EventType "team-swiss"]
[EventRounds "11"]
[EventCountry "ENG"]
[SourceTitle "EXT 2019"]
[Source "ChessBase"]
[SourceDate "2018.10.10"]
[SourceVersion "1"]
[SourceVersionDate "2018.10.10"]
[SourceQuality "1"]
[WhiteTeam "Poisoned Pawns II"]
[BlackTeam "Cambridge University III"]
[WhiteTeamCountry "ENG"]
[BlackTeamCountry "ENG"]

1. e4 e5 2. Nc3 a6 3. f4 exf4 4. Nf3 Be7 5. d4 g5 6. Bc4 d6 7. h4 g4 8. Bxf4 gxf3 9. Qxf3 Nf6 10. e5 c6 11. exf6 Bxf6 12. Bg5 Qe7+ 13. Kf1 Bxg5 14. Re1 Be6 15. hxg5 Bxc4+ 16. Kf2 Be6 17. d5 cxd5 18. Nxd5 Qd8 19. Nf6+ Kf8 20. Nxh7+ Ke7 21. Qf6+ Kd7 22. Rxe6 fxe6 23. Qf7+ Kc6 24. g6 Nd7 25. Qf3+ d5 26. Qc3+ Kb6 27. Qd4+ Kc7 28. Qc3+ Kb8 29. g7 Rg8 30. Nf8 Nxf8 31. Rh8 Nd7 32. Qg3+ Ka7 33. Qe3+ Qb6 0-1

[Event "BCF-ch Week2 PM op"]
[Site "Bournemouth"]
[Date "2016.08.02"]
[Round "2"]
[White "Evans, Helen I"]
[Black "Ashworth, Steven M"]
[Result "1-0"]
[WhiteElo "1571"]
[BlackElo "1375"]
[PlyCount "89"]
[EventDate "2016.08.01"]
[EventType "swiss"]
[EventRounds "5"]
[EventCountry "ENG"]
[SourceTitle "CBM 173 Extra"]
[Source "ChessBase"]
[SourceDate "2016.08.29"]
[SourceVersion "1"]
[SourceVersionDate "2016.08.29"]
[SourceQuality "1"]

1. e4 e5 2. Bc4 Nc6 3. Nf3 Nd4 4. Nxd4 exd4 5. d3 c6 6. 0-0 d5 7. exd5 cxd5 8. Bb5+ Bd7 9. Bxd7+ Qxd7 10. Nd2 Nf6 11. Nf3 0-0-0 12. Re1 Bd6 13. h3 h6 14. Nxd4 g5 15. Qf3 g4 16. Qxf6 gxh3 17. Bf4 Bxf4 18. Qxf4 hxg2 19. Qf5 Kc7 20. Qxd7+ Rxd7 21. Nf5 h5 22. Kxg2 f6 23. Re7 Rg8+ 24. Kh2 Rg5 25. Rxd7+ Kxd7 26. Ne3 d4 27. Ng2 Ke6 28. Re1+ Kf5 29. Re4 Rg4 30. f3 Rxe4 31. fxe4+ Ke5 32. Kg3 f5 33. exf5 Kxf5 34. Kh4 Kg6 35. Nf4+ Kh6 36. Nxh5 Kg6 37. Kg4 Kf7 38. Nf4 Kf6 39. Ne2 a6 40. Ng3 b6 41. Kf3 Ke5 42. Ne4 a5 43. Nd2 b5 44. Nb3 Kd5 45. Nxa5 1-0